00558nam a2200205Ia 450000500170000000800410001702000300005804000190008804100120010708200170011924500650013626000370020130000110023850400190024963000190026865000130028765100180030070000230031885000110034120231201110854.0131103s9999 xx 000 0 und d a8131602214cRs 2995 (set) aLoreto College aEnglish a396.03 bTIE aWomen's Studies Encyclopaedia Q-Z cEdited by Helen Tierney aJaipurbRawat Publicationsc2008 a1607p  aIncludes index aGender Studies aFeminism aWomen Studies aTierney, Helen, ed aLCLIB